000 00543nam a2200193Ia 4500
008 210417s9999 xx 000 0 und d
020 _a9780750684408
020 _b750684402
082 _a658.40402466 MEL
082 _b2.658.40402466MEL
245 0 _aProject management toolkit : the basics for project success
245 0 _cProject management toolkit the basics for project success
250 _bp. cm.
260 _a"Boston, MA"
260 _bElsevier
260 _c2007
700 _a"Melton, Trish"
700 _bTrish Melton.
999 _c436880
_d436880